000 00645cam a2200193 i 4500
005 20251110092912.0
008 250721s2010 ua gr 000 0 ara d
020 _a9773563138
082 1 4 _a155.61
_bع ب د
100 1 _aعبد الكريم، ألفت
_eمؤلف.
245 1 0 _aكيف يصبح أبناؤنا مبدعين ؟! /
_cتأليف ألفت عبدالكريم.
250 _aالطبعة الثانية.
264 3 1 _aالجيزة :
_bهلا للنشروالتوزيع،
_c2008.
300 _a180 صفحة.
650 1 7 _aعلم النفس.
650 1 7 _aالابداع.
942 _2ddc
_cBK
999 _c114812
_d114812